Someday - The Strokes (All lyrics) - Statistics

General Stats
  • This quiz has been taken 44 times
  • The average score is 157 of 197
Answer Stats
Answer % Correct
so
100%
So
100%
me
97%
someday
97%
the
97%
to
97%
I
94%
we
94%
When
94%
you
94%
You
94%
my
91%
want
91%
sometimes
88%
be
85%
but
85%
do
85%
it
85%
No
85%
no
85%
say
85%
stay
85%
was
85%
will
85%
by
82%
have
82%
I'm
82%
In
82%
in
82%
man
82%
oh
82%
Oh
82%
they
82%
time
82%
try
82%
ways
82%
your
82%
best
79%
darling
79%
days
79%
fun
79%
heads
79%
head's
79%
hurts
79%
many
79%
not
79%
right
79%
alright
76%
fall
76%
good
76%
hard
76%
more
76%
old
76%
side
76%
think
76%
young
76%
ain't
74%
always
74%
apart
74%
did
74%
I'll
74%
see
74%
together
74%
wasting
74%
won't
74%
working
74%
And
71%
stand
71%
wanna
71%
come
68%
miss
68%
promises
68%
Yeah
68%
depth
65%
lacking
65%
made
65%
now
65%
says
65%
tables
65%
turn
65%
alone
62%
break
62%
fears
62%
threes
62%
before
59%
they're
56%
friend
50%
Maya
50%
strangest
50%
they'll
50%
things
50%
find
47%
fate
32%
trying
24%
shit
18%
No matching quizzes found
Score Distribution
Percent of People with Each Score
Percentile by Number Answered
Your Score History
You have not taken this quiz